1065 1585 1982 1259 1272 1162 1704 1752 1389 1977 1136 1090 1144 1195 1939 1101 1036 1210 1951 1190 1455 1788 1966 1903 1526 1282 1736 1066 1496 1832 1961 1437 1619 1016 1117 1793 1558 1732 1119 1879 1514 1307 1533 1130 1636 1463 1895 1595 1548 1083 1818 1238 1457 1900 1605 1221 1940 1369 1903 1501 1462 1134 1865 1871 1340 1077 1832 1533 1286 1865 1210 1009 1614 1622 1878 1054 1087 1697 1919 1364 1522 1416 1758 1641 1381 1935 1590 1741 1322 1721 1486 1540 1965 1525 1804 1142 1330 1678 1508 BCNSPRNW ULIB Ver.6.0+V

เปลี่ยนเป็นภาษาไทย

Change to English
 แสดงรายละเอียดบรรณานุกรม
  กลับหน้าหลัก

Brief Record : Get Marc (ISO 2709) : E-mail record : QR code < ปิดหน้าต่าง
LEADER : 00000nam 2200000uu 4500
001    13399113748
003     ULIB
008    060911s2010 us a 001 0 eng d
020    ^a143543871x
020    ^a9781435438712
060 04 ^aQS4^bR627f
100 1  ^aRizzo, Donald C.
245 10 ^aFundamentals of anatomy & physiology /^cDonald C. Rizzo
246 3  ^aFundamentals of anatomy and physiology
250    ^a3rd ed.
260    ^aClifton Park, N.Y. :^bThomson Delmar Learning,^c2010
300    ^axxix, 529 p. :^bcol. ill. ;^c26 cm. +^e1 computer optical
650  2 ^aAnatomy
650  2 ^aPhysiology
945    ^p3700^l0^i030857
995    ^a Kesorn
999 ^a ใช้งานได้ทุกระบบ
รายการนี้ยังไม่มีแท็ก
คุณยังไม่ได้ล็อกอิน คุณสามารถมีกิจกรรมร่วมกับเว็บไซต์ได้ แต่ต้องล็อกอินก่อน ::
  ล็อกอิน

รายการสื่อสารสนเทศ

ลำดับที่ ประเภท เลขเรียก/บาร์โค้ด สถานที่ สถานะ
- ไม่พบข้อมูล -

รายการใกล้เคียง
    หัวเรื่อง [Anatomy]
    หัวเรื่อง [Physiology]

BibComment


ยังไม่เคยถูกคอมเมนท์

คอมเมนท์ทรัพยากรรายการนี้
  คอมเมนท์: Fundamentals of ..


 Copyright 2026. Bcnsprnw @Library